<?xml version="1.0" encoding="UTF-8"?>
<record
    xmlns:xsi="http://www.w3.org/2001/XMLSchema-instance"
    xsi:schemaLocation="http://www.loc.gov/MARC21/slim http://www.loc.gov/standards/marcxml/schema/MARC21slim.xsd"
    xmlns="http://www.loc.gov/MARC21/slim">

  <leader>00550ngm a22001571i 4500</leader>
  <controlfield tag="001">24694</controlfield>
  <datafield tag="090" ind1=" " ind2=" ">
    <subfield code="a">24694</subfield>
  </datafield>
  <datafield tag="100" ind1=" " ind2=" ">
    <subfield code="a">20120424u        u  u0frey50      ba</subfield>
  </datafield>
  <datafield tag="200" ind1="1" ind2=" ">
    <subfield code="a">Marlin power! ; Mais... tubar&#xF5;es em surfcasting</subfield>
  </datafield>
  <datafield tag="210" ind1=" " ind2=" ">
    <subfield code="c">Grupo V Portugal</subfield>
    <subfield code="a">Lisboa</subfield>
    <subfield code="d">2009</subfield>
  </datafield>
  <datafield tag="215" ind1=" " ind2=" ">
    <subfield code="d">1 DVD (aprox. 57 minutos) : color.; 19 cm</subfield>
  </datafield>
  <datafield tag="225" ind1="2" ind2=" ">
    <subfield code="a">Mundo da pesca</subfield>
  </datafield>
  <datafield tag="300" ind1=" " ind2=" ">
    <subfield code="a">N&#xBA;  de registo 4672/2009. - M/ 6 anos</subfield>
  </datafield>
  <datafield tag="327" ind1=" " ind2=" ">
    <subfield code="a">Martin Power!. - Dura&#xE7;&#xE3;o: 28 minutos. - Tubar&#xF5;es em surfcasting. - Dura&#xE7;&#xE3;o: 29 minutos</subfield>
  </datafield>
  <datafield tag="710" ind1="0" ind2="2">
    <subfield code="a">Events Video Maker</subfield>
    <subfield code="4">630</subfield>
  </datafield>
  <datafield tag="990" ind1=" " ind2=" ">
    <subfield code="c">FILMES DVD</subfield>
  </datafield>
  <datafield tag="995" ind1=" " ind2=" ">
    <subfield code="0">0</subfield>
    <subfield code="1">0</subfield>
    <subfield code="9">33712</subfield>
    <subfield code="b">BMVAAG</subfield>
    <subfield code="d">BMVAAG</subfield>
    <subfield code="e">DVDs / CD-Roms</subfield>
    <subfield code="f">0000369VI</subfield>
    <subfield code="k">EVE</subfield>
    <subfield code="o">0</subfield>
    <subfield code="r">FILMES DVD</subfield>
    <subfield code="u">M/ 6 anos</subfield>
    <subfield code="a">BMVAAG</subfield>
    <subfield code="c">BMVAAG</subfield>
    <subfield code="q">106</subfield>
  </datafield>
  <datafield tag="995" ind1=" " ind2=" ">
    <subfield code="0">0</subfield>
    <subfield code="1">0</subfield>
    <subfield code="9">33713</subfield>
    <subfield code="b">BMVA</subfield>
    <subfield code="d">BMVA</subfield>
    <subfield code="e">DVDs / CD-Roms</subfield>
    <subfield code="f">0000398VI</subfield>
    <subfield code="k">MUN</subfield>
    <subfield code="o">0</subfield>
    <subfield code="r">FILMES DVD</subfield>
    <subfield code="a">BMVA</subfield>
    <subfield code="c">BMVA</subfield>
    <subfield code="q">106</subfield>
  </datafield>
  <datafield tag="995" ind1=" " ind2=" ">
    <subfield code="0">0</subfield>
    <subfield code="1">0</subfield>
    <subfield code="9">33714</subfield>
    <subfield code="b">BMVAAL</subfield>
    <subfield code="d">BMVAAL</subfield>
    <subfield code="e">DVDs / CD-Roms</subfield>
    <subfield code="f">0000402VI</subfield>
    <subfield code="k">MUN</subfield>
    <subfield code="o">0</subfield>
    <subfield code="r">FILMES DVD</subfield>
    <subfield code="u">M/ 6 anos </subfield>
    <subfield code="a">BMVAAL</subfield>
    <subfield code="c">BMVAAL</subfield>
    <subfield code="q">106</subfield>
  </datafield>
</record>
